000 00436nam a2200181Ia 4500
001 2780
005 20260306144832.0
008 260306t1997||||xx |||||||||||||| ||spa||
041 _aESP
082 _a230
_bG84E
100 _aGuardini, Romano
_eAUT
245 0 _aLa existencia del cristianismo:
_bobra póstuma
260 _c1997
300 _a512 páginas :
_c20 cm.
650 _aGEN
654 _aCHU
942 _cLIB
_dJUS
_fJUS
_2ddc
_n
999 _c2780
_d2780